| 000 | 00767cam a22002411a 4500 | ||
|---|---|---|---|
| 001 | f 01003041 | ||
| 003 | DLC | ||
| 005 | 20260227111245.0 | ||
| 008 | 920811s1901 fr 000 0 fre | ||
| 010 | _af 01003041 | ||
| 035 | _a(OCoLC)26371693 | ||
| 040 |
_aDLC _cFTaSU _dCaSRU _dOCoLC _dDLC |
||
| 042 | _apremarc | ||
| 050 | 0 | 0 |
_aBX1530 _b.B3 |
| 100 | 1 |
_aBaunard, _cMgr., _d1826-1919. |
|
| 245 | 1 | 3 |
_aUn siècle de l'église de France, 1800-1900 _cMgr. Baunard. |
| 260 |
_aParis : _bCh. Poussielgue, _c30 cm. |
||
| 300 |
_avii, 514 p. : _bill. ; _c1901. |
||
| 610 | 2 | 0 |
_aCatholic Church _xForeign relations _zFrance. |
| 651 | 0 |
_aFrance _xForeign relations _xCatholic Church. |
|
| 610 | 2 | 0 |
_aCatholic Church _zFrance. |
| 651 | 0 |
_aFrance _xChurch history _y19th century. |
|
| 999 |
_c22983 _d22983 |
||